000 00335nam a22001337a 4500
008 181019b xxu||||| |||| 00| 0 eng d
020 _a9780321460929
041 _aeng
080 _210 ED
_a311
100 _a55
101 _aSTA
245 _aElementary Statistics With Multimedia Study Guide
_cTriola.M.F
942 _2udc
_cBK
999 _c50181
_d50181